Осенний натюрморт (Запись № 11921380)

Подробности
000 -МАРКЕР
контрольное поле 01916ncm0a22003731 4500
001 - ИДЕНТИФИКАТОР ЗАПИСИ
контрольное поле RU\NLR\ONIZ\214473
005 - ИДЕНТИФИКАТОР ВЕРСИИ
контрольное поле 20250625215145.0
013 ## - МЕЖДУНАРОДНЫЙ СТАНДАРТНЫЙ НОМЕР ИЗДАНИЯ МУЗЫКАЛЬНОГО ПРОИЗВЕДЕНИЯ (ISMN)
Номер (ISMN) 979-0-706400-53-2
035 ## - ДРУГИЕ СИСТЕМНЫЕ НОМЕРА
Идентификатор записи RU\NLR\ONIZ\GALA\5000028553\20160811173802
035 ## - ДРУГИЕ СИСТЕМНЫЕ НОМЕРА
Идентификатор записи (NLR Aleph) 011200807
071 20 - ИЗДАТЕЛЬСКИЙ НОМЕР
Номер, присвоенный агентством с 6386 к
100 ## - ДАННЫЕ ОБЩЕЙ ОБРАБОТКИ
Данные общей обработки 20160811d2012 |||y0rusy50 ca
101 0# - ЯЗЫК РЕСУРСА
Язык текста, звукозаписи и т.д. русский
102 ## - СТРАНА ПУБЛИКАЦИИ ИЛИ ПРОИЗВОДСТВА
Страна публикации Российская Федерация
125 ## - ПОЛЕ КОДИРОВАННЫХ ДАННЫХ: ЗВУКОЗАПИСИ И НОТНЫЕ ИЗДАНИЯ
Форма изложения нотного текста ax
200 1# - ЗАГЛАВИЕ И СВЕДЕНИЯ ОБ ОТВЕТСТВЕННОСТИ
Основное заглавие Осенний натюрморт
Общее обозначение материала Ноты
Параллельное заглавие Autumnal still life
Сведения, относящиеся к заглавию пьесы для баяна (аккордеона)
-- учеб. заведения проф. и доп. образования
Первые сведения об ответственности В. Кароник
Последующие сведения об ответственности предисл. А. Сухоцкого
Язык параллельного заглавия английский
210 ## - ПУБЛИКАЦИЯ, РАСПРОСТРАНЕНИЕ И ДР.
Место издания, распространения и т.д. Санкт-Петербург
Имя издателя, распространителя и т. д. Композитор - Санкт-Петербург
Дата издания, распространения и т.д. 2012
215 ## - ФИЗИЧЕСКАЯ ХАРАКТЕРИСТИКА
Специфическое обозначение материала и объем 41 с.
Размеры 29 см
327 1# - ПРИМЕЧАНИЯ О СОДЕРЖАНИИ
Текст примечания 1. Осенний натюрморт; 2. Адажио; 3. Осеннее одиночество; 4. Непринуждённость; 5. Нежность; 6. Изящество и грациозность; 7. Элегантность; 8. Грусть; 9. Экспромт; 10. Грустный вечер; 11. Грядущий день; 12. Осенний вечер в Имарте
686 ## - ИНДЕКСЫ ДРУГИХ КЛАССИФИКАЦИЙ
Индекс Щ954.698я44(2Р=Рус)
Издание LBC/SL
Код системы
686 ## - ИНДЕКСЫ ДРУГИХ КЛАССИФИКАЦИЙ
Индекс Щ954.798я44(2Р=Рус)
Издание LBC/SL
Код системы
700 #1 - ИМЯ ЛИЦА - ПЕРВИЧНАЯ ОТВЕТСТВЕННОСТЬ
Системный номер авторитетной/нормативной записи z01790
Начальный элемент ввода Кароник
Часть имени, кроме начального элемента ввода В. Н.
Даты 1945-
Расширение инициалов личного имени Виталий Николаевич
Код отношения Композитор
Графика поля Кириллица
702 #1 - ИМЯ ЛИЦА - ВТОРИЧНАЯ ОТВЕТСТВЕННОСТЬ
Системный номер авторитетной/нормативной записи z03790
Начальный элемент ввода Сухоцкий
Часть имени, кроме начального элемента ввода А. А.
Даты 1941-
Расширение инициалов личного имени Александр Александрович
Код отношения Автор введения, предисловия, примечания и т.п.
790 #1 - ИМЯ ЛИЦА - АЛЬТЕРНАТИВНАЯ ФОРМА
Системный номер авторитетной/нормативной записи z01700
Начальный элемент ввода Karonik
Часть имени, кроме начального элемента ввода V. N.
Даты 1945-
Расширение инициалов личного имени Vitalij Nikolaevich
Код отношения Композитор
790 #1 - ИМЯ ЛИЦА - АЛЬТЕРНАТИВНАЯ ФОРМА
Системный номер авторитетной/нормативной записи z03702
Начальный элемент ввода Suxoczkij
Часть имени, кроме начального элемента ввода A.
Даты 1941-
Расширение инициалов личного имени Aleksandr
Код отношения Автор введения, предисловия, примечания и т.п.
801 #0 - ИСТОЧНИК ЗАПИСИ
Страна Российская Федерация
Организация NLR
Дата составления 20160811
Правила каталогизации PSBO
801 #1 - ИСТОЧНИК ЗАПИСИ
Страна Российская Федерация
Организация NLR
Дата составления 20160811
Источник данных rusmarc
801 #2 - ИСТОЧНИК ЗАПИСИ
Страна Российская Федерация
Организация NLR
Дата составления 20161208
852 ## - МЕСТОНАХОЖДЕНИЕ И ШИФР ХРАНЕНИЯ
Идентификатор организации NLR
Наименование фонда или коллекции (Sub-Location Identifier) М
Шифр хранения (Call Number) К-3/26724
Страна
Номер экземпляра 1
942 ## - ДОПОЛНИТЕЛЬНЫЕ ЭЛЕМЕНТЫ ЗАПИСИ (АБИС)
Тип экземпляра АБИС Ноты
980 ## - КОЛЛЕКЦИЯ
Название коллекции Национальная библиография
980 ## - КОЛЛЕКЦИЯ
Название коллекции Отдел нот и звукозаписей
Экземпляры
Тип экземпляра Дата поступления Библиотека постоянного хранения Библиотека текущего хранения Место хранения Шифр хранения Статус экземпляра
Ноты 11.08.2016 РНБ (Московский) РНБ (Московский) Фонд нот и звукозаписей К-3/26724 К-3/26724